000
00313nam a22001337a 4500
008
170310b xxu||||| |||| 00| 0 eng d
020
_a
9780387356648
041
_a
eng
080
_2
13TH
_a
616-002.77
100
_a
7
101
_a
SHM
245
_a
PRIMER ON THE RHEUMATIC DISEASE
_c
KLIPPEL, J.H
942
_2
udc
_c
BK
999
_c
7467
_d
7467